Řízení výkonnosti společnosti
Rozdielne ponímanie a prístupy k riadeniu výkonnosti spoločnosti. Procesné riadenie. Optimalizácia procesov. Reinžiniering podnikových procesov. Ako uskutočniť reinžiniering v praxi. Informačný systém podniku. Integrovaný manažérsky systém.
Gespeichert in:
| 1. Verfasser: | |
|---|---|
| Format: | Buchkapitel |
| Sprache: | Tschechisch |
| Schlagworte: | |
| Tags: |
Keine Tags, Fügen Sie das erste Tag hinzu!
|
MARC
| LEADER | 00000naa a2200000 4500 | ||
|---|---|---|---|
| 001 | 0143755 | ||
| 005 | 20240315070634.5 | ||
| 041 | 0 | |a cze | |
| 044 | |a CZ | ||
| 245 | 1 | 0 | |a Řízení výkonnosti společnosti |c Dita Salajková |
| 520 | |a Rozdielne ponímanie a prístupy k riadeniu výkonnosti spoločnosti. Procesné riadenie. Optimalizácia procesov. Reinžiniering podnikových procesov. Ako uskutočniť reinžiniering v praxi. Informačný systém podniku. Integrovaný manažérsky systém. | ||
| 610 | 2 | 0 | |a výkonnosť |
| 610 | 2 | 0 | |a podnik |
| 610 | 2 | 0 | |a procesy podnikové |
| 610 | 2 | 0 | |a riadenie procesné |
| 610 | 2 | 0 | |a reengineering |
| 610 | 2 | 0 | |a systémy informačné podnikové |
| 610 | 2 | 0 | |a systémy integrované manažérske |
| 100 | 1 | |a Salajková, Dita | |